000 00765nam a2200205Ii 4500
003 JO-AjNU
008 230605s9999||||xx |||||||||||||| ||und||
040 _aJO-AjNU
_bara
_erda
_cJO-AjNU
041 _aara
050 1 4 _aBP144 1983
100 3 _aالرافعي،مصطفى,
_eauthor
_919049
245 0 0 _aالأحوال الشخصية في الشريعة الإسلامية والقوانين اللبنانية
250 _aط1
264 3 1 _aبيروت: دار الكتاب اللبناني ، مكتبة المدرسة، 1983
300 _a338ص
336 _atext
_btxt
_2rdacontent
337 _aunmediated
_bn
_2rdamedia
338 _avolume
_bnc
_2rdacarrier
650 4 _aقانون- الاحوال الشخصية- الشريعة الاسلامية
_919050
999 _aA6206
_c9774
_d9774